| 000 | 01096cam a22002651i 4500 | ||
|---|---|---|---|
| 003 | SA-RiAUC | ||
| 005 | 20250723071624.0 | ||
| 008 | 250716s1998 ua g 000k0bara d | ||
| 020 | _a9775165695 | ||
| 040 |
_aSA-JeALM _bara _cSA-RiAUC _erda |
||
| 082 | 0 | 4 |
_a234.65 _qSA-RiAUC |
| 090 |
_a234.65 _bك و ث |
||
| 100 | 1 |
_aالكوثري، محمد زاهد بن الحسن، _d1879-1952 _eمؤلف. |
|
| 245 | 1 | 0 |
_aبلوغ الأماني في سيرة الإمام أبي الحسن الشيباني رضي الله عنه / _cمحمد زاهد بن الحسن الكوثري. |
| 250 | _aالطبعة الثانية. | ||
| 264 | 1 |
_aكراتشي - باكستان : _bايجو كيشنل، _c1983 |
|
| 300 |
_a84 صفحة ؛ _c22 سم. |
||
| 336 |
_aنص _btxt _2rdacontent _3كتاب |
||
| 337 |
_aبدون وسيط _bn _2rdamedia |
||
| 338 |
_aمجلد _bnc _2rdacarrier |
||
| 600 | 1 | 7 |
_aالشيباني، محمد بن الحسن، _d131-189 هجري _2aucnm |
| 650 | 7 |
_aالفقهاء الأحناف _vتراجم _2aucsh |
|
| 942 |
_2ddc _cBOOK _n0 |
||
| 949 |
_aSA-JeALM _d250716 _uosman123 _n1 |
||
| 999 |
_c10231 _d10231 |
||